000 00393nam a2200169Ia 4500
008 230524s9999 xx 000 0 und d
020 _a0521005272
082 _a415
_bCON
100 _aJ.D.O' Connor
245 0 _aBetter English Pronounciation
250 _a2ND
260 _aUSA
_bCambridge
_c2004
300 _aX;150
500 _aQuantity Number: 60
650 _aEnglish
942 _cBK
999 _c4516
_d4516